NYC M Train Subway Stations (Harder Version) - Statistics

General Stats
  • This quiz has been taken 7 times
  • The average score is 33 of 36
Answer Stats
Borough Neighborhood Station Transfers % Correct
Manhattan Chelsea 14th Street/Sixth Avenue F, 1, 2, 3, L
100%
Manhattan Chelsea 23rd Street F
100%
Manhattan Midtown 34th Street–Herald Square B, D, F, N, Q, R, W
100%
Manhattan Midtown 42nd Street–Bryant Park/Fifth Avenue B, D, F, 7, A, C, E
100%
Manhattan Midtown 47th–50th Streets–Rockefeller Center B, D, F
100%
Manhattan Greenwich Village Broadway–Lafayette Street/Bleecker Street B, D, F, 6
100%
Queens Long Island City Court Square–23rd Street G, 7, E
100%
Manhattan Lower East Side Delancey Street/Essex Street F, J
100%
Manhattan Midtown Fifth Avenue/53rd Street E
100%
Brooklyn Williamsburg Flushing Avenue J
100%
Queens Ridgewood Forest Avenue
100%
Queens Forest Hills Forest Hills–71st Avenue E, F, R
100%
Manhattan Midtown Lexington Avenue/51st Street 6, E
100%
Queens Middle Village Middle Village–Metropolitan Avenue
100%
Brooklyn Bedford–Stuyvesant Myrtle Avenue J
100%
Brooklyn Bushwick Myrtle–Wyckoff Avenues L
100%
Queens Ridgewood Seneca Avenue
100%
Manhattan Greenwich Village West Fourth Street–Washington Square A, B, C, D, E, F
100%
Queens Long Island City 36th Street R
86%
Queens Rego Park 63rd Drive–Rego Park R
86%
Queens Woodside 65th Street R
86%
Brooklyn Bushwick Central Avenue
86%
Queens Elmhurst Elmhurst Avenue R
86%
Queens Ridgewood Fresh Pond Road
86%
Brooklyn Williamsburg Hewes Street J
86%
Queens Jackson Heights Jackson Heights–Roosevelt Avenue/74th Street 7, E, F, R
86%
Brooklyn Williamsburg Lorimer Street J
86%
Brooklyn Williamsburg Marcy Avenue J
86%
Queens Long Island City Queens Plaza E, R
86%
Queens Astoria Steinway Street R
86%
Queens Elmhurst Woodhaven Boulevard R
86%
Queens Astoria 46th Street R
71%
Queens Forest Hills 67th Avenue R
71%
Queens Elmhurst Grand Avenue–Newtown R
71%
Brooklyn Bushwick Knickerbocker Avenue
71%
Queens Woodside Northern Boulevard R
71%
No matching quizzes found
Score Distribution
Percent of People with Each Score
Percentile by Number Answered
Your Score History
You have not taken this quiz